[Event "1COPPA DEGLI ACCADEMICI"]
[Site "?"]
[Date "2019.06.27"]
[Round "2"]
[White "PASTORE, COSMAS."]
[Black "BONAPOSTA, FABRIZIO."]
[Result "0-1"]
[WhiteElo "1940"]
[BlackElo "2057"]
[PlyCount "116"]
[EventDate "2019.??.??"]

1. e4 c5 2. Be2 Nc6 3. f4 e6 4. Nf3 d5 5. d3 g6 6. O-O Bg7 7. c3 Nge7 8. Na3 a6
9. Nc2 b6 10. Qe1 Bb7 11. Qh4 Nb8 12. e5 Qc7 13. d4 Nf5 14. Qf2 h5 15. Ne3 Nd7
16. Nxf5 exf5 17. Ng5 Nf8 18. Be3 c4 19. b3 b5 20. bxc4 bxc4 21. Rfb1 Ne6 22.
Nxe6 fxe6 23. Qg3 Kf7 24. h4 Bf8 25. Qe1 Be7 26. g3 Bc6 27. Bd1 Qa5 28. Bc2
Rhb8 29. Rxb8 Rxb8 30. Rb1 Rb5 31. Rxb5 axb5 32. Bb1 b4 33. Bd2 Qb6 34. cxb4
Qxd4+ 35. Kf1 Qb6 36. Bc3 d4 37. Qf2 Bc5 38. Bc2 Qd8 39. bxc5 dxc3 40. Qe3 Qd5
41. Ke1 Qh1+ 42. Ke2 Qa1 43. Qd4 Qb2 44. Qd1 Qxa2 45. Ke3 Bd5 46. Kd4 Qb2 47.
Ke3 Ke7 48. Qb1 Kd7 49. Ba4+ Kc7 50. Qc2 Be4 51. Qd1 Bd5 52. Bc2 Kc6 53. Ba4+
Kxc5 54. Qd4+ Kb4 55. Bc2 Qxc2 56. Qb6+ Ka3 57. Qa5+ Kb2 58. Qb6+ Kc1 0-1

[Event "1 COPPA DEGLI ACCADEMICI"]
[Site "?"]
[Date "2019.06.27"]
[Round "2"]
[White "PALA, GIORGIO."]
[Black "ROBERTI, BRUNO."]
[Result "1-0"]
[WhiteElo "2048"]
[BlackElo "1868"]
[PlyCount "87"]
[EventDate "2019.??.??"]

1. c4 e6 2. Nc3 d5 3. cxd5 exd5 4. d4 c6 5. Bf4 Nf6 6. e3 Bf5 7. Bd3 Bxd3 8.
Qxd3 Bd6 9. Nge2 O-O 10. O-O Re8 11. Rab1 a5 12. Bxd6 Qxd6 13. Ng3 Na6 14. a3
Rad8 15. Rfd1 Ng4 16. Qf5 Nf6 17. Rbc1 g6 18. Qg5 Qe6 19. Nce2 Ne4 20. Nxe4
Qxe4 21. Qf4 Rd7 22. Qxe4 Rxe4 23. Nc3 Re6 24. Na4 f5 25. Kf1 Kf7 26. Nc5 Nxc5
27. Rxc5 b6 28. Rc3 Ke7 29. Rdc1 Rc7 30. b4 axb4 31. axb4 b5 32. Ra1 Kd6 33.
Ra8 Ree7 34. Rca3 Ke6 35. Ke2 Kf6 36. Kf3 g5 37. h3 h5 38. g3 g4+ 39. Kg2 Kg7
40. R3a6 Kf7 41. Rh8 Kg6 42. h4 Red7 43. Rb8 Kf7 44. Rbb6 {IL NERO PERDE PER
IL TEMPO} 1-0

[Event "1 COPPA DEGLI ACCADEMICI"]
[Site "?"]
[Date "2019.06.27"]
[Round "2"]
[White "CIUFOLINI, SIRIO."]
[Black "MARINO, GIOVANNI."]
[Result "1/2-1/2"]
[WhiteElo "1765"]
[BlackElo "2011"]
[PlyCount "51"]
[EventDate "2019.??.??"]

1. e4 c5 2. Nf3 d6 3. d4 cxd4 4. Nxd4 Nf6 5. Nc3 a6 6. f4 e5 7. Nf3 Nbd7 8. a4
Be7 9. Bd3 O-O 10. O-O exf4 11. Kh1 Nh5 12. Nd4 g6 13. Nf5 Ndf6 14. Be2 gxf5
15. Bxh5 fxe4 16. Be2 d5 17. Qd4 Be6 18. Bxf4 Ne8 19. Rad1 Bf6 20. Be5 Bxe5 21.
Qxe5 Qc7 22. Qg5+ Kh8 23. Nxd5 Bxd5 24. Qxd5 Qxc2 25. Rxf7 Nf6 26. Rxf8+ {IL
BIANCO PROPONE PATTA E IL NERO ACCETTA} 1/2-1/2

[Event "1 COPPA DEGLI ACCADEMICI"]
[Site "?"]
[Date "2019.06.27"]
[Round "2"]
[White "RENZI, ALESSIO."]
[Black "NICOLOSI, DANIELE."]
[Result "1/2-1/2"]
[WhiteElo "1744"]
[BlackElo "1948"]
[PlyCount "37"]
[EventDate "2019.??.??"]

1. e4 d6 2. d4 Nf6 3. Nc3 g6 4. Bg5 Bg7 5. Qd2 h6 6. Be3 Ng4 7. Bf4 e5 8. dxe5
Nxe5 9. Nf3 Nxf3+ 10. gxf3 a6 11. O-O-O Nc6 12. Bc4 Qf6 13. e5 dxe5 14. Nd5 Qd6
15. Qe3 Kf8 16. Bg3 Na5 17. Be2 Bf5 18. Nc3 Qb6 19. Qd2 {IL BIANCO PROPONE
PATTA E IL NERO ACCETTA} 1/2-1/2

[Event "1COPPA DEGLI ACCADEMICI"]
[Site "?"]
[Date "2019.06.27"]
[Round "2"]
[White "BOLLA, VITTORIO."]
[Black "ROSSI, ROBERTO."]
[Result "1-0"]
[WhiteElo "1604"]
[BlackElo "1486"]
[PlyCount "135"]
[EventDate "2019.??.??"]

1. e4 c6 2. d4 d5 3. exd5 cxd5 4. c4 Nf6 5. Nc3 e6 6. Nf3 Bb4 7. Qa4+ Nc6 8.
Bg5 Bxc3+ 9. bxc3 O-O 10. Ne5 Qa5 11. Qxa5 Nxa5 12. f3 h6 13. Bd2 Nd7 14. Nxd7
Bxd7 15. c5 Rab8 16. Bf4 Rbc8 17. Bd6 Rfe8 18. Rb1 Bc6 19. Bd3 Nc4 20. Bxc4
dxc4 21. Kf2 Red8 22. Rhe1 Rd7 23. Rb4 Bd5 24. a4 Rc6 25. a5 Ra6 26. Ra1 f6 27.
f4 f5 28. Be5 Kf7 29. g3 g5 30. fxg5 hxg5 31. Rbb1 Kg6 32. Rb2 Rh7 33. Kg1 Rh3
34. Ra3 Kh5 35. Rf2 Kg4 36. Bc7 Rh7 37. Bd6 Rh3 38. Bc7 Be4 39. Be5 Bd3 40. Rb2
Be4 41. Rb4 Bd5 42. Bc7 Kf3 43. Rb2 Kg4 44. Rf2 Kh5 45. Be5 Kg6 46. Bd6 Kf7 47.
Be5 Ke8 48. Bf6 Rh5 49. h4 gxh4 50. Bxh4 Rc6 51. Rh2 Rc7 52. a6 Rch7 53. axb7
Rxb7 54. Rha2 Rhh7 55. Ra6 f4 56. c6 Rbc7 57. Rb2 Bxc6 58. Rb8+ Rc8 59. Rxc8+
Kd7 60. Rd8+ Kc7 61. Rxa7+ Bb7 62. Kf2 fxg3+ 63. Kxg3 Rg7+ 64. Kf4 Kb6 65. Ra4
Kb5 66. Rb4+ Ka6 67. Rd6+ Ka5 68. Bd8+ {IL NERO ABBANDONA} 1-0

[Event "1COPPA DEGLI ACCADEMICI"]
[Site "?"]
[Date "2019.06.27"]
[Round "2"]
[White "ABUHAMDIEH, NANDO."]
[Black "D'ANGERIO, ALESSANDRO."]
[Result "0-1"]
[WhiteElo "1481"]
[BlackElo "1961"]
[PlyCount "108"]
[SourceDate "2019.07.01"]

1. d4 Nf6 2. c4 e6 3. a3 d5 4. e3 Be7 5. Nf3 O-O 6. Be2 dxc4 7. Bxc4 a6 8. Ba2
b5 9. b4 Bb7 10. O-O Nbd7 11. Nbd2 Nd5 12. Bb2 a5 13. bxa5 Rxa5 14. Bb1 Re8 15.
Bd3 c6 16. Qc2 h6 17. g3 Qa8 18. Nb3 Ra4 19. Nc5 Nxc5 20. dxc5 Bf6 21. Bxf6
Nxf6 22. Qb2 Rd8 23. Rfd1 Rd5 24. Bc2 Rc4 25. Bb3 Rxd1+ 26. Rxd1 Rxc5 27. Ne5
Qb8 28. Nd3 Rf5 29. Qc1 Qf8 30. Nf4 Nd5 31. Nd3 Nb6 32. Nf4 c5 33. Nxe6 fxe6
34. Bxe6+ Kh8 35. Bxf5 Qxf5 36. Rd8+ Kh7 37. Qd1 Bf3 38. Qd3 Be4 39. Qd1 Nc4
40. g4 Qf6 41. Rb8 Ne5 42. h3 Qh4 43. Qd8 Nf3+ 44. Kf1 Qxh3+ 45. Ke2 Qxg4 46.
Qh8+ Kg6 47. Qe8+ Kg5 48. Qe7+ Kh5 49. Qxc5+ g5 50. Qb4 Nd4+ 51. Kd2 Qe2+ 52.
Kc3 Qd3+ 53. Kb2 Qc2+ 54. Ka1 Nb3+ 0-1

[Event "1 COPPA DEGLI ACCADEMICI"]
[Site "?"]
[Date "2019.06.27"]
[Round "2"]
[White "RACCAH, ASCER."]
[Black "QUAGLIA, FERDINANDO."]
[Result "0-1"]
[WhiteElo "1573"]
[BlackElo "1454"]
[PlyCount "98"]

1. e4 Nf6 2. e5 Nd5 3. c4 Nb6 4. d4 d6 5. exd6 exd6 6. Bd3 c6 7. Ne2 Be6 8. Qc2
g6 9. Nbc3 Bg7 10. b3 d5 11. c5 N6d7 12. O-O O-O 13. h3 Nf6 14. Bg5 Qd7 15. Nf4
Bf5 16. Bxf5 gxf5 17. g3 Re8 18. Rfe1 Na6 19. a3 Nc7 20. Re5 Ne6 21. Nxe6 fxe6
22. g4 h6 23. Bf4 Nh7 24. Rae1 Bxe5 25. Rxe5 Qf7 26. Qd2 Ng5 27. Bxg5 hxg5 28.
Qxg5+ Qg7 29. Qf4 Kh7 30. g5 Qg6 31. Qh4+ Kg7 32. f4 Rh8 33. Qg3 Rh5 34. Qe3
Kf7 35. Nd1 Rg8 36. Nf2 Qf6 37. Kf1 Qe7 38. Qf3 Rh7 39. Re3 Qc7 40. Nd3 Rgh8
41. Ne5+ Kg8 42. Qg2 Rh4 43. Ng6 Rxf4+ 44. Nxf4 Qxf4+ 45. Qf3 Qxf3+ 46. Rxf3
Rh4 47. Kf2 Kg7 48. Kg2 Kg6 49. Kg3 Kxg5 0-1

[Event "1COPPA DEGLI ACCADEMICI"]
[Site "?"]
[Date "2019.06.27"]
[Round "2"]
[White "MORIGGI, ALESSANDRO."]
[Black "PELLEGRINI, ENNIO PAOLO."]
[Result "0-1"]
[WhiteElo "1370"]
[BlackElo "1565"]
[PlyCount "70"]

1. e4 c5 2. Nf3 e6 3. d4 cxd4 4. Nxd4 Nf6 5. Nc3 Nc6 6. Ndb5 Bb4 7. a3 Bxc3+ 8.
Nxc3 d5 9. exd5 exd5 10. Bd3 O-O 11. O-O d4 12. Ne2 Bg4 13. f3 Bh5 14. Nf4 Bg6
15. Nxg6 hxg6 16. b4 Ne5 17. Bb2 Qb6 18. Re1 Rfe8 19. Qd2 Nd5 20. Be4 Nc3 21.
Qf2 Rac8 22. Bxc3 Rxc3 23. Bd5 Re3 24. Bb3 Nc6 25. Rad1 a5 26. Qd2 d3 27. Rxe3
Rxe3 28. Qf2 d2 29. Kf1 Qb5+ 30. Kg1 Re2 31. Qg3 axb4 32. Bxf7+ Kxf7 33. Qf4+
Kg8 34. Qc7 Qc5+ 35. Kh1 Re1+ 0-1

[Event "1COPPA DEGLI ACCADEMICI"]
[Site "?"]
[Date "2019.06.27"]
[Round "2"]
[White "NASCA, ANDREA."]
[Black "SCAFE', STEFANO."]
[Result "1-0"]
[WhiteElo "1561"]
[BlackElo "1354"]
[PlyCount "89"]
[EventDate "2019.??.??"]
[SourceDate "2019.07.02"]

1. e4 c5 2. Nf3 Nc6 3. d4 cxd4 4. Nxd4 Nf6 5. Nc3 e5 6. Ndb5 d6 7. Bg5 a6 8.
Bxf6 gxf6 9. Na3 b5 10. Nd5 f5 11. Bd3 Be6 12. O-O Bg7 13. Ne3 f4 14. Nd5 O-O
15. c3 Qg5 16. Nc2 Bh3 17. Ne1 Bg4 18. Be2 f5 19. Bxg4 fxg4 20. Nc7 Kh8 21.
Nxa8 Rxa8 22. Qxd6 Ne7 23. a4 bxa4 24. Rxa4 a5 25. Rxa5 Rxa5 26. Qd8+ Bf8 27.
Qxa5 f3 28. Qd8 Qg7 29. Qe8 Qg8 30. Nd3 Qg7 31. Nc5 Ng6 32. Ne6 Qf6 33. Nxf8
Nxf8 34. b4 Kg7 35. Qh5 Qf4 36. Qf5 Ng6 37. Qxf4 Nxf4 38. c4 fxg2 39. Rd1 Ne2+
40. Kxg2 Nd4 41. f4 Kf6 42. fxe5+ Kxe5 43. Rxd4 Kxd4 44. b5 Kc5 45. Kg3 1-0

[Event "1COPPA DEGLI ACCADEMICI"]
[Site "?"]
[Date "2019.07.04"]
[Round "3"]
[White "BONAPOSTA, FABRIZIO."]
[Black "PALA, GIORGIO."]
[Result "1-0"]
[WhiteElo "2057"]
[BlackElo "2048"]
[PlyCount "91"]
[EventDate "2019.??.??"]
[SourceDate "2019.07.05"]

1. d4 f5 2. e4 fxe4 3. Nc3 Nf6 4. Bg5 c6 5. f3 Qa5 6. Bd2 e3 7. Bxe3 e5 8. dxe5
Qxe5 9. Qe2 Bb4 10. Bd4 Qxe2+ 11. Ngxe2 O-O 12. O-O-O d5 13. Ng3 Nbd7 14. Bd3
Bc5 15. Nce2 Bxd4 16. Nxd4 Nc5 17. Rhe1 Nxd3+ 18. Rxd3 Bd7 19. Rde3 Rae8 20.
Kd2 g6 21. b4 Rxe3 22. Rxe3 Ne8 23. Ra3 a6 24. Nf1 Nd6 25. Ne3 Re8 26. Ra5 Bc8
27. Rc5 Bd7 28. a4 Kf7 29. b5 axb5 30. axb5 b6 31. Rxc6 Bxc6 32. bxc6 Nc4+ 33.
Nxc4 dxc4 34. Kc3 Ke7 35. Kxc4 Kd6 36. Kb5 Kc7 37. Kc4 Re5 38. f4 Ra5 39. g4
Ra4+ 40. Kd5 Ra5+ 41. Ke6 Ra4 42. c3 b5 43. f5 b4 44. f6 bxc3 45. f7 Rxd4 46.
f8=Q 1-0

[Event "1COPPA DEGLI ACCADEMICI"]
[Site "?"]
[Date "2019.07.04"]
[Round "3"]
[White "MARINO, GIOVANNI."]
[Black "RENZI, ALESSIO."]
[Result "1/2-1/2"]
[WhiteElo "2011"]
[BlackElo "1744"]
[PlyCount "95"]

1. Nf3 Nc6 2. d4 e6 3. c4 d5 4. g3 Bb4+ 5. Bd2 Qe7 6. Bg2 Nf6 7. a3 Bxd2+ 8.
Nbxd2 dxc4 9. Nxc4 Bd7 10. O-O h5 11. h4 Nh7 12. e4 g5 13. d5 Nd8 14. d6 cxd6
15. Nxd6+ Kf8 16. Ne5 Bc6 17. Ndxf7 Rg8 18. Nh6 Rg7 19. Qf3+ Nf6 20. hxg5 Rxg5
21. Qf4 Qg7 22. Nxc6 Nxc6 23. e5 Nxe5 24. Qb4+ Qe7 25. f4 Qxb4 26. axb4 Nf3+
27. Rxf3 Rg6 28. Rfa3 Rxh6 29. Rxa7 Rxa7 30. Rxa7 Rg6 31. Rxb7 Rxg3 32. Kf2 Rb3
33. b5 Ng4+ 34. Ke1 Rxb2 35. Be4 Rb4 36. Bg6 Rxf4 37. b6 Ne5 38. Bxh5 Rb4 39.
Rb8+ Ke7 40. Be8 Nd7 41. Bxd7 Kxd7 42. Kd2 Kc6 43. Re8 Kd5 44. Rb8 Kc6 45. Re8
Kd7 46. Rb8 e5 47. Ke3 Kc6 48. Re8 1/2-1/2

[Event "1COPPA DEGLI ACCADEMICI"]
[Site "?"]
[Date "2019.07.04"]
[Round "3"]
[White "D'ANGERIO, ALESSANDRO."]
[Black "PELLEGRINI, ENNIO PAOLO."]
[Result "1-0"]
[WhiteElo "1961"]
[BlackElo "1565"]
[PlyCount "93"]
[EventDate "2019.??.??"]

1. d4 Nf6 2. c4 e6 3. Nc3 d5 4. cxd5 Nxd5 5. e4 Nxc3 6. bxc3 c5 7. Rb1 Be7 8.
Nf3 O-O 9. Bc4 Nc6 10. O-O b6 11. a4 Bb7 12. d5 Na5 13. Ba2 exd5 14. Bxd5 Bxd5
15. exd5 Qd6 16. Qe2 c4 17. Nd4 Bf6 18. Nb5 Qxd5 19. Nc7 Qd7 20. Nxa8 Rxa8 21.
Qd1 Qf5 22. Rb5 Qd3 23. Qxd3 cxd3 24. Rd5 Rc8 25. Rxd3 Bxc3 26. Rfd1 Bf6 27.
Bb2 Nc4 28. Bxf6 gxf6 29. Rc3 a6 30. Rdc1 b5 31. axb5 axb5 32. Rb3 Rc5 33. Rcb1
Nd6 34. Rd3 Ne4 35. Kf1 Rc2 36. Rxb5 Rc1+ 37. Ke2 Rc2+ 38. Ke1 Rc1+ 39. Ke2
Rc2+ 40. Kf3 Nxf2 41. Rd8+ Kg7 42. Rb7 Nh1 43. Rd1 Nf2 44. Rdd7 Kg6 45. Rxf7
Nd3 46. Rg7+ Kf5 47. g4+ 1-0

[Event "1 COPPA DEGLI ACCADEMICI"]
[Site "?"]
[Date "2019.07.04"]
[Round "3"]
[White "RABITI, ROBERTO."]
[Black "PASTORE, COSMAS."]
[Result "0-1"]
[WhiteElo "1353"]
[BlackElo "1940"]
[PlyCount "100"]

1. c4 g6 2. g3 Bg7 3. Bg2 d6 4. Nc3 e5 5. e3 Ne7 6. Nge2 O-O 7. O-O f5 8. d4 e4
9. f3 exf3 10. Bxf3 c6 11. d5 c5 12. Nf4 Qa5 13. Nb5 Be5 14. Ne6 Bxe6 15. dxe6
Nbc6 16. Bd2 Qd8 17. Qc2 a6 18. Nc3 Nb4 19. Qb3 a5 20. a4 Nec6 21. Nd5 Re8 22.
Rad1 Kg7 23. Bc3 Rxe6 24. Nf4 Re8 25. Bd5 Qf6 26. g4 Bxc3 27. Qxc3 Qxc3 28.
bxc3 Nc2 29. Ne6+ Rxe6 30. Bxe6 Nxe3 31. Rxd6 Nxf1 32. Kxf1 Rd8 33. Rd5 b6 34.
gxf5 Kf6 35. Bd7 Nb8 36. Rd6+ Ke7 37. Rxb6 Nxd7 38. Rb5 Ra8 39. fxg6 hxg6 40.
Kf2 Ra7 41. Ke3 Kf6 42. Kf4 g5+ 43. Ke4 Kg6 44. Kd5 Kh5 45. Kd6 Kh4 46. Rb2 Kh3
47. Kc6 g4 48. Rd2 Ne5+ 49. Kxc5 Nf3 50. Kb5 Nxd2 0-1

[Event "1COPPA DEGLI ACCADEMICI"]
[Site "?"]
[Date "2019.07.04"]
[Round "3"]
[White "ROBERTI, BRUNO."]
[Black "NASCA, ANDREA."]
[Result "1-0"]
[WhiteElo "1868"]
[BlackElo "1561"]
[PlyCount "41"]

1. d4 Nf6 2. Nf3 g6 3. c4 Bg7 4. g3 d6 5. Bg2 O-O 6. O-O Bf5 7. Nc3 Nc6 8. Re1
Ne4 9. Be3 Na5 10. Nxe4 Bxe4 11. Rc1 c5 12. Qd2 Qb6 13. Red1 Rac8 14. b3 Rfd8
15. Bh3 e6 16. Ng5 cxd4 17. Bxd4 Bxd4 18. Nxe4 f5 19. Qxd4 Qxd4 20. Rxd4 Nc6
21. Rd2 1-0

[Event "1 COPPA DEGLI ACCADEMICI"]
[Site "?"]
[Date "2019.07.04"]
[Round "3"]
[White "QUAGLIA, FERDINANDO."]
[Black "ROSSI, ROBERTO."]
[Result "1-0"]
[WhiteElo "1454"]
[BlackElo "1486"]
[PlyCount "108"]
[EventDate "2019.??.??"]

1. d4 Nf6 2. c4 b6 3. Nc3 Bb7 4. Nf3 g6 5. Bg5 Bg7 6. Bxf6 exf6 7. e3 O-O 8.
Bd3 Re8 9. Qc2 d6 10. O-O-O Nc6 11. a3 a6 12. c5 b5 13. cxd6 cxd6 14. h4 b4 15.
h5 bxc3 16. bxc3 f5 17. hxg6 fxg6 18. Qb3+ d5 19. Qxb7 Na5 20. Qb1 Rb8 21. Qa2
Nb3+ 22. Kc2 a5 23. Rb1 a4 24. Nd2 Qa5 25. Nxb3 axb3+ 26. Rxb3 Qa4 27. Rhb1
Rxb3 28. Qxb3 Qa8 29. g3 Bf8 30. a4 Bd6 31. Qb7 Qxa4+ 32. Qb3 Qa8 33. Bb5 Rb8
34. Qa4 Qb7 35. c4 Qe7 36. Qb3 Qe4+ 37. Qd3 Qf3 38. Qd2 Qe4+ 39. Qd3 Qf3 40. c5
Bc7 41. Qe2 Qg2 42. Bd3 Ra8 43. Rb7 Ra2+ 44. Rb2 Ra8 45. Kb1 Qh1+ 46. Qf1 Qh6
47. Rb7 Qg7 48. Bb5 Qe7 49. Bc6 Qe4+ 50. Kb2 Qe7 51. Bxd5+ Kf8 52. Qb5 h6 53.
Rxc7 Ra2+ 54. Bxa2 Qxc7 1-0

[Event "1COPPA DEGLI ACCADEMICI"]
[Site "?"]
[Date "2019.07.04"]
[Round "3"]
[White "TAMBURRINI, ANDREA."]
[Black "RACCAH, ASCER."]
[Result "1-0"]
[WhiteElo "1278"]
[BlackElo "1573"]
[PlyCount "101"]

1. e4 e5 2. Nf3 Nc6 3. d4 exd4 4. Nxd4 Bc5 5. Be3 Qf6 6. c3 Nge7 7. Bc4 Ne5 8.
Bb3 d6 9. h3 N7c6 10. O-O O-O 11. Nd2 Qg6 12. f4 Bxh3 13. Qe2 Bg4 14. N4f3
Nxf3+ 15. Rxf3 Bxf3 16. Qxf3 Rae8 17. Bxc5 dxc5 18. Re1 Rd8 19. Re2 b5 20. Bc2
Qe6 21. Nb3 c4 22. Nc5 Qd6 23. Nb7 Qe7 24. Nxd8 Rxd8 25. e5 Qc5+ 26. Kh2 Ne7
27. Qe4 g6 28. g4 Qd5 29. Qe3 Qd7 30. Kg3 c6 31. Qe4 Qd5 32. Qe3 a5 33. Qa7 Rd7
34. Qxa5 Qc5 35. Kf3 Qg1 36. Rf2 Qc1 37. Be4 Qh1+ 38. Ke3 Qe1+ 39. Kf3 Rd2 40.
Rxd2 Qxd2 41. Qa3 Qd1+ 42. Ke3 Nd5+ 43. Bxd5 Qd3+ 44. Kf2 Qd2+ 45. Kg3 Qxd5 46.
Qd6 Qxd6 47. exd6 Kf8 48. Kf3 Ke8 49. Ke4 f6 50. Kd4 Kd7 51. Kc5 1-0

[Event "1COPPA DEGLI ACCADEMICI"]
[Site "?"]
[Date "2019.07.04"]
[Round "3"]
[White "SCAFE', STEFANO."]
[Black "ABUHAMDIEH, NANDO."]
[Result "0-1"]
[WhiteElo "1354"]
[BlackElo "1481"]
[PlyCount "98"]
[SourceDate "2019.07.12"]

1. e4 e5 2. Bc4 Nf6 3. d4 d5 4. exd5 Nxd5 5. dxe5 Be6 6. Nf3 Be7 7. O-O O-O 8.
Nd4 Bc8 9. c3 c6 10. Nd2 b5 11. Bb3 a5 12. a4 b4 13. c4 Nf4 14. Qf3 Qxd4 15.
Ne4 Ne6 16. Rd1 Qxe5 17. Rb1 Nc5 18. Nxc5 Bxc5 19. Bf4 Qf6 20. Qg3 Bf5 21. Rbc1
Nd7 22. Rd2 Qg6 23. Qxg6 fxg6 24. Bd6 Rf6 25. Bxc5 Nxc5 26. Bd1 Nd3 27. Ra1 Nc5
28. Bc2 Bxc2 29. Rxc2 Rd8 30. Re2 Rfd6 31. g3 Rd1+ 32. Rxd1 Rxd1+ 33. Kg2 Kf7
34. Re5 Nd3 35. Rxa5 Nxb2 36. Ra7+ Kf6 37. Ra6 Rd6 38. c5 Re6 39. a5 Nd3 40.
Rb6 Nxc5 41. Rxb4 Na6 42. Rb7 c5 43. Ra7 c4 44. Ra8 Rc6 45. Rf8+ Ke7 46. Rf3 c3
47. Re3+ Kd7 48. Re1 c2 49. Rc1 Nb4 0-1

[Event "1COPPA DEGLI ACCADEMICI"]
[Site "?"]
[Date "2019.07.11"]
[Round "4"]
[White "PASTORE, COSMAS."]
[Black "MARINO, GIOVANNI."]
[Result "1-0"]
[WhiteElo "1940"]
[BlackElo "2011"]
[PlyCount "179"]

1. e4 c5 2. Be2 Nc6 3. f4 g6 4. Nf3 Bg7 5. O-O e6 6. d3 d5 7. c3 Nge7 8. Na3
O-O 9. Nc2 b6 10. Qe1 Ba6 11. e5 f5 12. d4 Bxe2 13. Qxe2 c4 14. Ng5 Qd7 15. Ne3
h6 16. Nh3 b5 17. b3 cxb3 18. axb3 b4 19. Bb2 bxc3 20. Bxc3 a5 21. Nf2 Qa7 22.
Nc2 Rfb8 23. b4 a4 24. b5 Nd8 25. Bb4 Nc8 26. Bc5 Qd7 27. Na3 Nb6 28. Rfb1 Bf8
29. Nd3 Qe8 30. Bxf8 Kxf8 31. Nc5 Kg7 32. Rb4 Nb7 33. g4 Na5 34. gxf5 gxf5 35.
Kh1 Nac4 36. Rg1+ Kh7 37. Qg2 Ra7 38. Nxc4 dxc4 39. Nxa4 Nd5 40. b6 Re7 41.
Rbb1 Qxa4 42. Qg6+ Kh8 43. Qxh6+ Rh7 44. Qg5 Qd7 45. Qg3 c3 46. b7 c2 47. Rb3
Rg7 48. Qh4+ Kg8 49. Rbg3 c1=Q 50. Rxg7+ Qxg7 51. Rxc1 Ne7 52. Rg1 Ng6 53. Qg5
Kf7 54. d5 exd5 55. e6+ Kxe6 56. Qxg6+ Qxg6 57. Rxg6+ Kf7 58. Rb6 d4 59. Kg2
Ke7 60. Kf2 Kd7 61. Ke2 Kc7 62. Rb2 Re8+ 63. Kd3 Kb8 64. Re2 Rh8 65. Kxd4 Kxb7
66. Rb2+ Kc6 67. Ke5 Rf8 68. Rd2 Kc7 69. Ke6 Kc8 70. Ra2 Kc7 71. Ra7+ Kc6 72.
Rh7 Kc5 73. Rh5 Kc6 74. h4 Re8+ 75. Kxf5 Rf8+ 76. Kg4 Kd6 77. Rg5 Rf7 78. h5
Ra7 79. Rg6+ Kd5 80. h6 Ra1 81. Kg5 Ke4 82. Re6+ Kf3 83. f5 Rg1+ 84. Kf6 Rh1
85. Kg7 Kf4 86. h7 Kxf5 87. Rf6+ Kg5 88. Rg6+ Kf5 89. Rh6 Ra1 90. h8=Q 1-0

[Event "1COPPA DEGLI ACCADEMICI"]
[Site "?"]
[Date "2019.07.11"]
[Round "4"]
[White "BOLLA, VITTORIO."]
[Black "BONAPOSTA, FABRIZIO."]
[Result "0-1"]
[WhiteElo "1604"]
[BlackElo "2057"]
[PlyCount "48"]
[SourceDate "2019.07.13"]

1. e4 c5 2. c4 Nc6 3. Nf3 e6 4. a3 Nf6 5. Nc3 d5 6. exd5 exd5 7. d4 Be7 8. cxd5
Nxd5 9. Bb5 O-O 10. O-O Bf6 11. Bxc6 Nxc3 12. bxc3 bxc6 13. Be3 Qa5 14. Qd2 h6
15. Rfd1 c4 16. h3 Rb8 17. a4 Rb3 18. Rdc1 Bf5 19. Ne5 Qd5 20. Qe2 Be6 21. Bd2
Rfb8 22. f4 Rb2 23. Qf3 Rxd2 24. Nxc6 Rbb2 0-1

[Event "1COPPA DEGLI ACCADEMICI"]
[Site "?"]
[Date "2019.07.11"]
[Round "4"]
[White "PALA, GIORGIO."]
[Black "CIUFOLINI, SIRIO."]
[Result "1/2-1/2"]
[WhiteElo "2048"]
[BlackElo "1765"]
[PlyCount "86"]

1. c4 e6 2. Nc3 d5 3. cxd5 exd5 4. d4 c6 5. Bf4 Bd6 6. Bxd6 Qxd6 7. e3 Bf5 8.
Bd3 Bxd3 9. Qxd3 Nf6 10. Nge2 Nbd7 11. Ng3 g6 12. f3 O-O 13. O-O Rfe8 14. Rad1
h5 15. e4 h4 16. e5 Qe6 17. Nge2 Nh5 18. f4 Ng7 19. f5 Nxf5 20. Nf4 Qe7 21. e6
fxe6 22. Nxg6 Qg5 23. Nf4 Nd6 24. Qh3 Nf8 25. Rde1 e5 26. Rxe5 Rxe5 27. dxe5
Nc4 28. Nd1 Nxe5 29. Qb3 Re8 30. Ne3 b6 31. Nh3 Qg6 32. Nf5 Qf6 33. Nd4 Qd6 34.
Qe3 Nfg6 35. Qg5 Qc5 36. Qe3 Qd6 37. a3 Rf8 38. Rxf8+ Qxf8 39. Nxc6 Qc5 40. Nd4
Nc6 41. Qe8+ Kg7 42. Qxc6 Qxd4+ 43. Kf1 Qd1+ 1/2-1/2

[Event "1COPPA DEGLI ACCADEMICI"]
[Site "?"]
[Date "2019.07.11"]
[Round "4"]
[White "RENZI, ALESSIO."]
[Black "TAMBURRINI, ANDREA."]
[Result "1-0"]
[WhiteElo "1744"]
[BlackElo "1278"]
[PlyCount "63"]
[SourceDate "2019.07.15"]

1. e4 e5 2. Nf3 Nc6 3. Nc3 Nf6 4. Bc4 Be7 5. O-O O-O 6. Re1 Re8 7. d4 exd4 8.
Nxd4 Ne5 9. Bb3 h6 10. f4 Nc6 11. e5 Nh7 12. Nf5 d6 13. Qh5 Bxf5 14. Bxf7+ Kh8
15. Bxe8 Nd4 16. Bg6 Nxc2 17. Qxf5 Nxe1 18. Bxh7 Bh4 19. Bd2 dxe5 20. Bxe1 Qd4+
21. Kh1 Bf2 22. Bxf2 Qxf2 23. Rd1 Qxb2 24. Qd3 exf4 25. Bg6 Rf8 26. Be4 h5 27.
h3 Qb6 28. Nd5 Qd6 29. Qc3 Kg8 30. Qb3 Kh8 31. Qxb7 Qa3 32. Qxc7 1-0

[Event "1 COPPA DEGLI ACCADEMICI"]
[Site "?"]
[Date "2019.07.11"]
[Round "4"]
[White "NICOLOSI, DANIELE."]
[Black "DE BERNARDIS, LUIGI."]
[Result "1-0"]
[WhiteElo "1948"]
[BlackElo "1380"]
[PlyCount "67"]

1. d4 Nf6 2. c4 g6 3. Nc3 Bg7 4. e4 d6 5. f3 O-O 6. Be3 e5 7. d5 a5 8. Qd2 Na6
9. Nge2 Nd7 10. g4 Nac5 11. Ng3 Kh8 12. h4 Rg8 13. h5 Bf8 14. hxg6 fxg6 15.
O-O-O Rg7 16. Be2 Rf7 17. Rh2 b6 18. Rdh1 Ba6 19. Kb1 Nf6 20. Bg5 Be7 21. Be3
Qd7 22. g5 Ng8 23. f4 Bf8 24. f5 Ne7 25. fxg6 Nxg6 26. Bh5 Rg7 27. Nf5 Rg8 28.
Bg4 Bxc4 29. Qg2 Bd3+ 30. Ka1 Re8 31. Qh3 Rg7 32. Nxg7 Qxg7 33. Bxc5 bxc5 34.
Qxd3 1-0

[Event "1 COPPA DEGLI ACCADEMICI"]
[Site "?"]
[Date "2019.07.11"]
[Round "4"]
[White "NASCA, ANDREA."]
[Black "RABITI, ROBERTO."]
[Result "1-0"]
[WhiteElo "1561"]
[BlackElo "1353"]
[PlyCount "85"]

1. e4 e6 2. d4 d5 3. Nc3 Nf6 4. e5 Nfd7 5. f4 c5 6. Nf3 a6 7. Be3 Nc6 8. Qd2
cxd4 9. Nxd4 Nxd4 10. Bxd4 Bc5 11. Bxc5 Nxc5 12. b4 Nd7 13. Be2 Qh4+ 14. g3 Qe7
15. Nd1 O-O 16. O-O b5 17. Qd4 Bb7 18. a4 bxa4 19. Rxa4 Rfc8 20. Ne3 Rc6 21.
Rfa1 f6 22. b5 fxe5 23. fxe5 Rcc8 24. bxa6 Bc6 25. Ra5 Qg5 26. c4 Nxe5 27. cxd5
Qf6 28. Qf4 exd5 29. Qxf6 gxf6 30. Nxd5 Bxd5 31. Rxd5 Kf7 32. g4 h6 33. h4 Rc2
34. Kf1 Kg7 35. g5 hxg5 36. hxg5 Kg6 37. Rxe5 fxe5 38. Bd3+ Kxg5 39. Bxc2 Kf4
40. a7 e4 41. Ra4 Ke5 42. Bxe4 Rf8+ 43. Ke1 1-0

[Event "1 COPPA DEGLI ACCADEMICI"]
[Site "?"]
[Date "2019.07.11"]
[Round "4"]
[White "ROSSI, ROBERTO."]
[Black "ABUHAMDIEH, NANDO."]
[Result "0-1"]
[WhiteElo "1486"]
[BlackElo "1481"]
[PlyCount "162"]

1. b3 e5 2. c4 Nc6 3. Bb2 Nf6 4. e3 d6 5. d3 g6 6. Ne2 Bg7 7. Nbc3 a6 8. a3 Be6
9. g3 Ne7 10. Bg2 c6 11. Qd2 O-O 12. O-O-O Rb8 13. d4 Ng4 14. Rdf1 b5 15. d5
cxd5 16. cxd5 Bc8 17. h3 Nf6 18. b4 Qc7 19. e4 Qc4 20. Kb1 Qc7 21. Rc1 Qb6 22.
Qe3 Qxe3 23. fxe3 Bd7 24. Rc2 Rfc8 25. Rhc1 Rc4 26. Nd1 Rbc8 27. Nec3 Nh5 28.
Bf1 R4c7 29. Ne2 Rxc2 30. Rxc2 Rxc2 31. Kxc2 f5 32. Nf2 Bh6 33. Bc1 Nf6 34.
exf5 gxf5 35. Bg2 e4 36. Nf4 Nfxd5 37. Nd1 Nxf4 38. gxf4 d5 39. Bb2 Bg7 40.
Bxg7 Kxg7 41. Kc3 Nc6 42. Bf1 Be6 43. Nf2 Kg6 44. Be2 h5 45. h4 Bf7 46. Nh1 Kf6
47. Ng3 Bg6 48. Bxh5 Bxh5 49. Nxh5+ Kg6 50. Ng3 Ne7 51. Kd4 Kf6 52. h5 Ke6 53.
Kc5 Kf6 54. Kd6 d4 55. exd4 e3 56. h6 Ng6 57. Ne2 Kf7 58. Kc6 Ne7+ 59. Kb6 Kg6
60. h7 Kxh7 61. Kxa6 Kh6 62. Kxb5 Kh5 63. Kc4 Kg4 64. Kd3 Kf3 65. b5 Nd5 66.
Nc1 Nxf4+ 67. Kc4 Ne2 68. Nd3 Ke4 69. b6 Nxd4 70. Nc5+ Ke5 71. Nd3+ Ke4 72. a4
Nc6 73. b7 Na5+ 74. Kc3 Nxb7 75. Kc2 f4 76. Ne1 f3 77. Kd1 f2 78. Ke2 fxe1=Q+
79. Kxe1 Kd3 80. Kd1 e2+ 81. Ke1 Na5 0-1

[Event "1COPPA DEGLI ACCADEMICI"]
[Site "?"]
[Date "2019.07.18"]
[Round "5"]
[White "BONAPOSTA, FABRIZIO."]
[Black "D'ANGERIO, ALESSANDRO."]
[Result "1-0"]
[WhiteElo "2057"]
[BlackElo "1961"]
[PlyCount "77"]
[SourceDate "2019.07.19"]

1. e4 c5 2. Nc3 e6 3. Nf3 Nc6 4. d4 cxd4 5. Nxd4 Qc7 6. Be3 a6 7. Qd2 Nf6 8. f3
b5 9. O-O-O Be7 10. g4 Bb7 11. g5 Nh5 12. Kb1 O-O 13. Nb3 d6 14. f4 g6 15. Bd3
Na5 16. Nxa5 Qxa5 17. Nd5 Bd8 18. Qxa5 Bxa5 19. Nf6+ Nxf6 20. gxf6 e5 21. fxe5
dxe5 22. h4 h5 23. Rhg1 Rfd8 24. Rdf1 Rac8 25. Rf5 Re8 26. Rxh5 Bd8 27. Rf5 Rc6
28. Rxg6+ fxg6 29. f7+ Kf8 30. Bh6+ Ke7 31. fxe8=Q+ Kxe8 32. Rxe5+ Kf7 33. Bg5
Bxg5 34. Rxg5 Re6 35. e5 Bf3 36. Kc1 Bh5 37. Kd2 Ke7 38. Ke3 Kd7 39. Rxh5 1-0